000 00430nam a2200145Ia 4500
008 240729s9999 xx 000 0 und d
022 _a2523-0026
245 0 _aNUST Journal of Social Sciences and Humanities
260 _aPakistan
260 _bNational University of Sciences and Technology
650 _aSocial Sciences
856 _uhttps://doaj.org/toc/a9d3753e44ae472f9c929f82c15f8331
942 _2ddc
942 _cDOAJEJ
999 _c68911
_d68911
945 _a1
_bMadushi Gamage
_c1
_dMadushi Gamage